[Event "Bozen op"]
[Site "Bozen"]
[Date "1998.06.17"]
[Round "6"]
[White "Manca, Federico"]
[Black "Zlochevskij, Alexander"]
[Result "1/2-1/2"]
[WhiteElo "2375"]
[BlackElo "2435"]
[PlyCount "25"]
[EventDate "1998.06.13"]
[Source "ChessBase"]
[SourceDate "1999.11.18"]

1. e4 e6 2. d4 d5 3. Nc3 dxe4 4. Nxe4 Nd7 5. Nf3 Ngf6 6. Nxf6+ Nxf6 7. Bd3 c5
8. O-O cxd4 9. Nxd4 Bc5 10. Nb3 Bb6 11. Qe2 Bd7 12. Be3 O-O 13. Rad1 1/2-1/2

[Event "Bozen op"]
[Site "Bozen"]
[Date "1998.06.17"]
[Round "6"]
[White "Trabert, Bettina"]
[Black "Rossi, Carlo"]
[Result "1-0"]
[WhiteElo "2200"]
[BlackElo "2330"]
[PlyCount "135"]
[EventDate "1998.06.13"]
[Source "ChessBase"]
[SourceDate "1999.11.18"]

1. e4 d6 2. d4 Nf6 3. Bd3 Nc6 4. c3 e5 5. Nf3 g6 6. O-O Bg7 7. Re1 O-O 8. Bg5
h6 9. Bh4 Qe8 10. dxe5 dxe5 11. Nbd2 Nh5 12. Nc4 Nf4 13. Bf1 Kh8 14. b4 a6 15.
a4 g5 16. Bg3 Bg4 17. Re3 Qe6 18. Qc2 Nxg2 19. Kxg2 Bh3+ 20. Kg1 Bxf1 21. Ncxe5
Bh3 22. Nxc6 Qxc6 23. Be5 f6 24. Nd4 Qd7 25. Bxc7 Rac8 26. Bb6 Bg4 27. a5 Rfe8
28. Rae1 Bf8 29. Qd3 Qf7 30. Nf5 Rc6 31. h3 Bh5 32. f3 Bg6 33. Rd1 Rec8 34. Bd4
Bh7 35. Qf1 Qb3 36. Qe2 Bg6 37. Qd2 Kh7 38. Rde1 Qe6 39. Qd3 Rd8 40. Rd1 Rd7
41. Kg2 h5 42. Re2 h4 43. Red2 Qe8 44. Qf1 Qb8 45. Ne3 Qf4 46. Qf2 Bd6 47. Ng4
Be7 48. Be3 Rxd2 49. Rxd2 Qc7 50. Bd4 Qc8 51. Ne3 Qe6 52. Nd5 Bd8 53. Ne3 Bc7
54. Ng4 Bd8 55. Qe3 Be7 56. Qf2 Qc8 57. Qe3 Qe6 58. Qe2 Qb3 59. Rb2 Qe6 60. Rd2
Kg7 61. Qe3 Kf7 62. Nh6+ Kf8 63. Ng4 Rc8 64. Qe2 Be8 65. Qf2 Kg7 66. Qe3 Bc6
67. Qf2 Bd6 68. Ne3 $138 1-0

[Event "Bozen op"]
[Site "Bozen"]
[Date "1998.06.17"]
[Round "6"]
[White "Vegh, Endre"]
[Black "Hillarp Persson, Tiger"]
[Result "1/2-1/2"]
[WhiteElo "2340"]
[BlackElo "2410"]
[PlyCount "74"]
[EventDate "1998.06.13"]
[Source "ChessBase"]
[SourceDate "1999.11.18"]

1. d4 g6 2. c4 Bg7 3. e4 d6 4. Nc3 Nf6 5. f4 O-O 6. Nf3 c5 7. dxc5 Qa5 8. Bd3
Qxc5 9. Qe2 Nc6 10. Be3 Qa5 11. O-O Bg4 12. Rac1 Nd7 13. Qf2 Bxf3 14. gxf3 Nc5
15. Bb1 Na4 16. Nd1 b5 17. b3 Nc5 18. cxb5 Qxb5 19. e5 Rac8 20. Nc3 Qb7 21.
Bxc5 dxc5 22. Na4 e6 23. Be4 Qe7 24. Qxc5 Qxc5+ 25. Nxc5 Bh6 26. Nd3 Nd4 27.
Kf2 Rfd8 28. Rxc8 Rxc8 29. Ke3 Nc2+ 30. Kd2 Nd4 31. Ke3 Nc2+ 32. Kd2 Nd4 33.
Rf2 Kf8 34. Kd1 Rc3 35. Kd2 Rc8 36. Kd1 Rc3 37. Kd2 Rc8 1/2-1/2

[Event "Bozen op"]
[Site "Bozen"]
[Date "1998.06.17"]
[Round "6"]
[White "Zaja, Ivan"]
[Black "Zsinka, Laszlo"]
[Result "1/2-1/2"]
[WhiteElo "2450"]
[BlackElo "2350"]
[PlyCount "64"]
[EventDate "1998.06.13"]
[Source "ChessBase"]
[SourceDate "1999.11.18"]

1. d4 Nf6 2. c4 e6 3. Nf3 b6 4. Nc3 Bb4 5. Bg5 Bb7 6. e3 h6 7. Bh4 g5 8. Bg3
Bxc3+ 9. bxc3 d6 10. h4 Rg8 11. hxg5 hxg5 12. Nd2 Nbd7 13. Qa4 Kf8 14. f3 Qe7
15. Bd3 Kg7 16. O-O-O Qe8 17. Qb5 e5 18. Bf5 a6 19. Qb1 Qe7 20. Bxd7 Nxd7 21.
Rh7+ Kf8 22. Qf5 Rd8 23. Qh3 Ke8 24. f4 Nf8 25. Rh6 Bc8 26. Qh2 Bf5 27. dxe5
dxe5 28. Kb2 Ng6 29. Re1 b5 30. c5 a5 31. Qg1 Bd3 32. e4 b4 1/2-1/2

[Event "Bozen op"]
[Site "Bozen"]
[Date "1998.06.18"]
[Round "7"]
[White "Borgo, Giulio"]
[Black "Godena, Michele"]
[Result "1/2-1/2"]
[WhiteElo "2430"]
[BlackElo "2500"]
[PlyCount "22"]
[EventDate "1998.06.13"]
[Source "ChessBase"]
[SourceDate "1999.11.18"]

1. e4 e5 2. Nf3 Nc6 3. d4 exd4 4. Nxd4 Bb4+ 5. c3 Bc5 6. Be3 Bb6 7. Nd2 Nf6 8.
Nxc6 bxc6 9. Bg5 h6 10. Bh4 O-O 11. Bd3 Re8 1/2-1/2

[Event "Bozen op"]
[Site "Bozen"]
[Date "1998.06.18"]
[Round "7"]
[White "De Eccher, Stefano"]
[Black "Crea, Vincenzo"]
[Result "1-0"]
[WhiteElo "2500"]
[BlackElo "2500"]
[PlyCount "46"]
[EventDate "1998.06.13"]
[Source "ChessBase"]
[SourceDate "1999.11.18"]

1. e4 e6 2. d4 d5 3. Nc3 dxe4 4. Nxe4 Qd5 5. Nc3 Bb4 6. Nf3 Nf6 7. Bd3 Ne4 8.
Bd2 Bxc3 9. bxc3 Nxd2 10. Qxd2 Nc6 11. O-O Ne7 12. Rfe1 Ng6 13. c4 Qd6 14. c5
Qe7 15. Rab1 O-O 16. Be4 c6 17. Rb3 Rd8 18. Bxg6 hxg6 19. Qe3 Qc7 20. Ng5 Rd5
21. f4 Rf5 22. Rf1 b6 23. Qh3 Bd7 1-0

[Event "Bozen op"]
[Site "Bozen"]
[Date "1998.06.18"]
[Round "7"]
[White "Hillarp Persson, Tiger"]
[Black "Jaenig, Reinhard"]
[Result "1-0"]
[WhiteElo "2500"]
[BlackElo "2500"]
[PlyCount "144"]
[EventDate "1998.06.13"]
[Source "ChessBase"]
[SourceDate "1999.11.18"]

1. d4 d5 2. c4 e6 3. Nf3 Nf6 4. Nc3 Be7 5. Bg5 h6 6. Bxf6 Bxf6 7. e3 O-O 8. Qd2
b6 9. O-O-O Bb7 10. cxd5 exd5 11. h4 g6 12. g4 Bg7 13. g5 h5 14. Ne5 Nd7 15. f4
Re8 16. Bg2 Nf8 17. Rhg1 c6 18. Kb1 Qe7 19. Qc2 Rad8 20. Qa4 Qc7 21. Rc1 Qb8
22. Qa3 Qd6 23. Ne2 Re7 24. Qd3 c5 25. Bh3 Bc8 26. Bxc8 Rxc8 27. Qa6 Rec7 28.
a3 cxd4 29. exd4 Rxc1+ 30. Rxc1 Rxc1+ 31. Kxc1 Qc7+ 32. Kd2 Ne6 33. Qb5 Bxe5
34. fxe5 Qd8 35. Ke3 Nc7 36. Qc6 Qc8 37. Kd2 Qd8 38. Nf4 Kf8 39. Ke3 Kg7 40.
Qd6 Qc8 41. Qf6+ Kg8 42. Qc6 Qf5 43. Qxc7 Qe4+ 44. Kd2 Qxf4+ 45. Kc2 Qxd4 46.
Qd8+ Kh7 47. Qf6 Qc4+ 48. Kd2 d4 49. e6 Qxe6 50. Qxd4 Kg8 51. a4 Kf8 52. Qd8+
Kg7 53. Qd4+ f6 54. a5 Kf7 55. a6 fxg5 56. hxg5 Ke7 57. Qg7+ Qf7 58. Qd4 Ke8
59. Qe4+ Kd7 60. Qb7+ Ke6 61. Kc3 Qe7 62. Qe4+ Kf7 63. Qd5+ Kf8 64. Kd3 Qf7 65.
Qa8+ Kg7 66. Qb7 Kg8 67. Kd4 Qf2+ 68. Kd5 Qc5+ 69. Ke6 Qf5+ 70. Kd6 Qc5+ 71.
Kd7 b5 72. Kd8 h4 $138 1-0

[Event "Bozen op"]
[Site "Bozen"]
[Date "1998.06.18"]
[Round "7"]
[White "Jurkovic, Ante"]
[Black "Belotti, Bruno"]
[Result "0-1"]
[WhiteElo "2320"]
[BlackElo "2420"]
[PlyCount "82"]
[EventDate "1998.06.13"]
[Source "ChessBase"]
[SourceDate "1999.11.18"]

1. d4 Nf6 2. c4 c5 3. Nf3 cxd4 4. Nxd4 b6 5. f3 Bb7 6. e4 d6 7. Nc3 e6 8. Be2
Be7 9. Be3 O-O 10. O-O a6 11. Qd2 Qc7 12. Rac1 Nbd7 13. Rfd1 Rac8 14. Qe1 Qb8
15. Qg3 Rfe8 16. Bd3 Ne5 17. b3 d5 18. exd5 Bd6 19. Qh3 Nxd3 20. Rxd3 exd5 21.
Nf5 Bf4 22. Bxf4 Qxf4 23. Rcd1 g6 24. Ng3 dxc4 25. Nge2 Qg5 26. bxc4 Rxc4 27.
Qg3 Qxg3 28. hxg3 b5 29. Kf2 b4 30. Na4 Nd5 31. R1d2 a5 32. g4 h6 33. Ng3 Nf4
34. Rd7 Bc6 35. Nb6 Rc3 36. Ra7 Nh3+ 37. gxh3 Rxf3+ 38. Kg1 Rxg3+ 39. Kh2 Ree3
40. Rxa5 Rxh3+ 41. Kg1 Reg3+ 0-1

[Event "Bozen op"]
[Site "Bozen"]
[Date "1998.06.18"]
[Round "7"]
[White "Komarov, Dimitri"]
[Black "Skembris, Spyridon"]
[Result "1/2-1/2"]
[WhiteElo "2580"]
[BlackElo "2490"]
[PlyCount "31"]
[EventDate "1998.06.13"]
[Source "ChessBase"]
[SourceDate "1999.11.18"]

1. d4 Nf6 2. Nf3 e6 3. c4 Bb4+ 4. Bd2 Bxd2+ 5. Qxd2 O-O 6. g3 d6 7. Nc3 Nc6 8.
Rd1 Qe7 9. Bg2 e5 10. Nd5 Nxd5 11. cxd5 Nxd4 12. Nxd4 exd4 13. Qxd4 Bd7 14. Rd2
Rfd8 15. O-O a5 16. Rfd1 1/2-1/2

[Event "Bozen op"]
[Site "Bozen"]
[Date "1998.06.18"]
[Round "7"]
[White "Mitkov, Nikola"]
[Black "Zaja, Ivan"]
[Result "1/2-1/2"]
[WhiteElo "2500"]
[BlackElo "2450"]
[PlyCount "76"]
[EventDate "1998.06.13"]
[Source "ChessBase"]
[SourceDate "1999.11.18"]

1. e4 e6 2. d4 d5 3. Nc3 Bb4 4. e5 Bf8 5. Nf3 b6 6. h4 Ba6 7. h5 Bxf1 8. Kxf1
h6 9. Bf4 Qd7 10. a4 Nc6 11. Qe2 Nge7 12. Nb1 Na5 13. Bd2 Nec6 14. g3 Nb4 15.
c3 Nbc6 16. Qd1 Be7 17. Bf4 Nd8 18. b4 Nc4 19. Nbd2 Nxd2+ 20. Qxd2 c5 21. dxc5
bxc5 22. bxc5 Nb7 23. Kg2 Nxc5 24. Qa2 O-O 25. c4 d4 26. Rhd1 d3 27. Be3 Rfd8
28. Bxc5 Bxc5 29. Rab1 Rab8 30. Rxb8 Rxb8 31. Ne1 Qc6+ 32. f3 Rb4 33. Nxd3 Rxa4
34. Qc2 Bf8 35. c5 Qa6 36. Nb2 Ra5 37. Rd8 Qc6 38. Nd3 Qc7 1/2-1/2

[Event "Bozen op"]
[Site "Bozen"]
[Date "1998.06.18"]
[Round "7"]
[White "Mrdja, Milan"]
[Black "Vegh, Endre"]
[Result "1-0"]
[WhiteElo "2380"]
[BlackElo "2350"]
[PlyCount "55"]
[EventDate "1998.06.13"]
[Source "ChessBase"]
[SourceDate "1999.11.18"]

1. e4 c5 2. Nf3 d6 3. d4 cxd4 4. Nxd4 Nf6 5. Nc3 a6 6. Bg5 e6 7. f4 Qc7 8. Bxf6
gxf6 9. Qf3 b5 10. O-O-O b4 11. Nce2 Bb7 12. Ng3 Nd7 13. Qh5 Rc8 14. Rd2 Nc5
15. Bc4 Ke7 16. Re1 Rg8 17. Ngf5+ Kd8 18. Qxh7 Rg4 19. Qh8 Ke8 20. Nxe6 Nxe6
21. Nxd6+ Ke7 22. Qh5 Bg7 23. Nf5+ Ke8 24. Bxe6 Rg6 25. Bxc8 Bxc8 26. e5 fxe5
27. Rxe5+ Bxe5 28. fxe5 1-0

[Event "Bozen op"]
[Site "Bozen"]
[Date "1998.06.18"]
[Round "7"]
[White "Timoshchenko, Gennadi A"]
[Black "Lugovoi, Aleksei"]
[Result "1-0"]
[WhiteElo "2520"]
[BlackElo "2540"]
[PlyCount "89"]
[EventDate "1998.06.13"]
[Source "ChessBase"]
[SourceDate "1999.11.18"]

1. d4 Nf6 2. Nf3 g6 3. c4 Bg7 4. Nc3 O-O 5. e4 d6 6. Be2 e5 7. Be3 Ng4 8. Bg5
f6 9. Bh4 Nc6 10. d5 Ne7 11. Nd2 Nh6 12. f3 c5 13. dxc6 bxc6 14. b4 Be6 15. Bf2
f5 16. O-O g5 17. b5 c5 18. exf5 Nhxf5 19. Bd3 Nd4 20. Be4 Rb8 21. Qb1 h6 22.
Qd3 Qd7 23. a4 Kh8 24. Rfe1 g4 25. fxg4 Bxg4 26. Nf1 Ne6 27. Ne3 Nf4 28. Qd2
Be6 29. Rad1 Rbd8 30. Ncd5 Nexd5 31. Nxd5 Bg4 32. Rb1 Bf5 33. Nxf4 exf4 34. Qd3
f3 35. gxf3 Be5 36. Bg3 Bd4+ 37. Kh1 h5 38. Bxf5 Rxf5 39. Re7 Qxe7 40. Qxf5 Kg7
41. Re1 Qf6 42. Qxh5 Rf8 43. Kg2 Rg8 44. Re4 Be5 45. Bxe5 1-0

[Event "Bozen op"]
[Site "Bozen"]
[Date "1998.06.19"]
[Round "8"]
[White "Belotti, Bruno"]
[Black "Zsinka, Laszlo"]
[Result "1-0"]
[WhiteElo "2420"]
[BlackElo "2365"]
[PlyCount "57"]
[EventDate "1998.06.13"]
[Source "ChessBase"]
[SourceDate "1999.11.18"]

1. e4 e5 2. f4 exf4 3. Nf3 g5 4. h4 g4 5. Ne5 d6 6. Nxg4 Nf6 7. Nxf6+ Qxf6 8.
Nc3 c6 9. Be2 Rg8 10. Bf3 Bh6 11. d4 Nd7 12. Qd3 Nf8 13. e5 dxe5 14. Ne4 Qe7
15. dxe5 Qxe5 16. Bd2 f5 17. Qd6 Qxd6 18. Nxd6+ Ke7 19. Bb4 Kf6 20. Bc3+ Ke7
21. O-O-O Be6 22. Rhe1 Rg6 23. h5 Rg5 24. Nxb7 Rb8 25. Na5 Rc8 26. Nxc6+ Kf7
27. Nd8+ Rxd8 28. Rxd8 Nd7 29. Bd5 1-0

[Event "Bozen op"]
[Site "Bozen"]
[Date "1998.06.19"]
[Round "8"]
[White "Dinser, Hans"]
[Black "Astengo, Marcello"]
[Result "1/2-1/2"]
[WhiteElo "2045"]
[BlackElo "2075"]
[PlyCount "81"]
[EventDate "1998.06.13"]
[Source "ChessBase"]
[SourceDate "1999.11.18"]

1. d4 d5 2. c4 e6 3. Nc3 c6 4. Nf3 Nf6 5. Bg5 Nbd7 6. Qc2 Be7 7. e3 O-O 8. Be2
Re8 9. O-O Nf8 10. Ne5 N6d7 11. Bxe7 Qxe7 12. f4 dxc4 13. Bxc4 Nb6 14. Bd3 Nd5
15. Nxd5 exd5 16. Rae1 f6 17. Nf3 Bg4 18. h3 Bxf3 19. Rxf3 Qb4 20. Re2 Re7 21.
a3 Qb6 22. a4 Rae8 23. Qc3 Ne6 24. a5 Qc7 25. b4 a6 26. Qc2 g6 27. h4 Qd6 28.
Qd2 Ng7 29. g4 f5 30. gxf5 Nxf5 31. Bxf5 gxf5 32. Rg2+ Rg7 33. Rxg7+ Kxg7 34.
Rg3+ Kh8 35. h5 Qh6 36. Qh2 Rg8 37. Rxg8+ Kxg8 38. Qh4 Qe6 39. Kf2 Kg7 40. Qg5+
Kf7 41. Qd8 1/2-1/2

[Event "Bozen op"]
[Site "Bozen"]
[Date "1998.06.19"]
[Round "8"]
[White "Efimov, Igor"]
[Black "Komarov, Dimitri"]
[Result "1-0"]
[WhiteElo "2525"]
[BlackElo "2580"]
[PlyCount "74"]
[EventDate "1998.06.13"]
[Source "ChessBase"]
[SourceDate "1999.11.18"]

1. d4 d5 2. c4 e6 3. Nf3 c6 4. e3 Nd7 5. Nc3 Ngf6 6. Qc2 Bd6 7. Bd3 O-O 8. O-O
dxc4 9. Bxc4 b5 10. Bd3 Bb7 11. a3 a6 12. b4 a5 13. Rb1 axb4 14. axb4 Qe7 15.
e4 e5 16. dxe5 Nxe5 17. Nxe5 Bxe5 18. Ne2 Qe6 19. f4 Ra2 20. Qd1 Bc7 21. Nc3
Bb6+ 22. Kh1 Raa8 23. e5 Nd5 24. Ne4 h6 25. Qh5 Rfd8 26. Nd6 Rxd6 27. exd6 Qxd6
28. Qf5 Nf6 29. Qh3 Rd8 30. Bc2 c5 31. bxc5 Qxc5 32. Bf5 Nd5 33. Rb3 b4 34. Rg3
Nc3 35. Qxh6 Bxg2+ 36. Rxg2 Qd4 37. Qh7+ Kf8 1-0

[Event "Bozen op"]
[Site "Bozen"]
[Date "1998.06.19"]
[Round "8"]
[White "Godena, Michele"]
[Black "Timoshchenko, Gennadi A"]
[Result "1/2-1/2"]
[WhiteElo "2500"]
[BlackElo "2520"]
[PlyCount "41"]
[EventDate "1998.06.13"]
[Source "ChessBase"]
[SourceDate "1999.11.18"]

1. e4 c6 2. d4 d5 3. Nc3 dxe4 4. Nxe4 Bf5 5. Nc5 b6 6. Nb3 e6 7. Bd3 Bxd3 8.
Qxd3 Bd6 9. Nf3 Nf6 10. O-O Nbd7 11. Re1 Qc7 12. Nbd2 O-O 13. Nc4 Be7 14. Bg5
c5 15. Rad1 cxd4 16. Nxd4 Rac8 17. b3 a6 18. a4 Nc5 19. Qh3 Rcd8 20. Qf3 Nd5
21. Bxe7 1/2-1/2

[Event "Bozen op"]
[Site "Bozen"]
[Date "1998.06.19"]
[Round "8"]
[White "Horvath, Tamas"]
[Black "Luciani, Valerio"]
[Result "1-0"]
[WhiteElo "2385"]
[BlackElo "2220"]
[PlyCount "25"]
[EventDate "1998.06.13"]
[Source "ChessBase"]
[SourceDate "1999.11.18"]

1. e4 e6 2. d4 d5 3. Nd2 c5 4. Ngf3 Nf6 5. exd5 exd5 6. Be2 b6 7. O-O Be7 8.
dxc5 bxc5 9. c4 d4 10. Ne5 Bb7 11. Bf3 Qc7 12. Qb3 Nc6 13. Qxb7 1-0

[Event "Bozen op"]
[Site "Bozen"]
[Date "1998.06.19"]
[Round "8"]
[White "Jaenig, Reinhard"]
[Black "Jurkovic, Ante"]
[Result "0-1"]
[WhiteElo "2215"]
[BlackElo "2320"]
[PlyCount "20"]
[EventDate "1998.06.13"]
[Source "ChessBase"]
[SourceDate "1999.11.18"]

1. e4 e6 2. c4 c5 3. Nf3 Nc6 4. d4 cxd4 5. Nxd4 Bb4+ 6. Bd2 Qb6 7. Nb3 Nf6 8.
Bd3 Ne5 9. Qc2 Nfg4 10. O-O Qd6 0-1

[Event "Bozen op"]
[Site "Bozen"]
[Date "1998.06.19"]
[Round "8"]
[White "Lugovoi, Aleksei"]
[Black "Zlochevskij, Alexander"]
[Result "1-0"]
[WhiteElo "2535"]
[BlackElo "2435"]
[PlyCount "73"]
[EventDate "1998.06.13"]
[Source "ChessBase"]
[SourceDate "1999.11.18"]

1. d4 d5 2. c4 dxc4 3. Nf3 Nf6 4. e3 e6 5. Bxc4 c5 6. O-O a6 7. a4 Nc6 8. Qe2
cxd4 9. Rd1 Be7 10. exd4 O-O 11. Nc3 Nb4 12. Bg5 Bd7 13. Ne5 Rc8 14. Bb3 Re8
15. Qf3 Bc6 16. Nxc6 bxc6 17. a5 Nfd5 18. Bxe7 Qxe7 19. Na4 Red8 20. Nc5 Rb8
21. Qe4 Qf6 22. Ba4 Ne7 23. Qe5 Ng6 24. Qxf6 gxf6 25. Kf1 Ne7 26. Rac1 Nf5 27.
Ne4 Kg7 28. Bxc6 Rxd4 29. Rxd4 Nxd4 30. Ba4 f5 31. Nc5 e5 32. g3 f6 33. Rc4 Kg6
34. Nd7 Rb7 35. Nb6 Nd3 36. b4 Kg5 37. Nd7 1-0

[Event "Bozen op"]
[Site "Bozen"]
[Date "1998.06.19"]
[Round "8"]
[White "Manca, Federico"]
[Black "Hillarp Persson, Tiger"]
[Result "1/2-1/2"]
[WhiteElo "2375"]
[BlackElo "2410"]
[PlyCount "75"]
[EventDate "1998.06.13"]
[Source "ChessBase"]
[SourceDate "1999.11.18"]

1. e4 g6 2. d4 Bg7 3. Nc3 d6 4. Bd3 a6 5. Nf3 b5 6. Be3 Bb7 7. a4 b4 8. Ne2 Nf6
9. Ng3 Nbd7 10. c3 c5 11. O-O O-O 12. h3 bxc3 13. bxc3 c4 14. Bc2 e5 15. d5 a5
16. Qd2 Ba6 17. Bh6 Nc5 18. Rab1 Nfd7 19. Bxg7 Kxg7 20. h4 h6 21. h5 Qe7 22.
Nh2 Qg5 23. Qxg5 hxg5 24. hxg6 fxg6 25. Nf3 Kf6 26. Nd2 Rab8 27. Rfd1 Nb6 28.
Ra1 Nbd7 29. Rab1 Rxb1 30. Rxb1 Rb8 31. Rxb8 Nxb8 32. Ngf1 Nbd7 33. Ne3 Nb6 34.
f3 Ke7 35. Kh2 g4 36. Kg3 gxf3 37. gxf3 Ncxa4 38. Bxa4 1/2-1/2

[Event "Bozen op"]
[Site "Bozen"]
[Date "1998.06.19"]
[Round "8"]
[White "Rossi, Carlo"]
[Black "Mrdja, Milan"]
[Result "0-1"]
[WhiteElo "2330"]
[BlackElo "2380"]
[PlyCount "75"]
[EventDate "1998.06.13"]
[Source "ChessBase"]
[SourceDate "1999.11.18"]

1. e4 c5 2. Nf3 e6 3. d4 cxd4 4. Nxd4 a6 5. Nc3 Qc7 6. g3 Nf6 7. Bg2 Nc6 8. O-O
Nxd4 9. Qxd4 Bc5 10. Bf4 d6 11. Qd2 h6 12. Rad1 b5 13. Be3 Bxe3 14. fxe3 e5 15.
Rxf6 gxf6 16. Nd5 Qd8 17. Rf1 Be6 18. Nxf6+ Kf8 19. g4 Rc8 20. c3 Bxa2 21. Qe1
Bb3 22. Qg3 Qb6 23. Rf2 Qa5 24. g5 hxg5 25. Qxg5 Qa1+ 26. Rf1 Qxb2 27. h4 Qd2
28. h5 Rxc3 29. Rf3 Rc2 30. Rg3 Qf2+ 31. Kh2 Rc1 32. Rf3 Qg1+ 33. Kg3 Rc2 34.
Nd7+ Ke8 35. Nf6+ Kd8 36. Ng4+ Kd7 37. Nf2 Rcc8 38. Nh3 0-1

[Event "Bozen op"]
[Site "Bozen"]
[Date "1998.06.19"]
[Round "8"]
[White "Skembris, Spyridon"]
[Black "Naumkin, Igor"]
[Result "1/2-1/2"]
[WhiteElo "2490"]
[BlackElo "2435"]
[PlyCount "84"]
[EventDate "1998.06.13"]
[Source "ChessBase"]
[SourceDate "1999.11.18"]

1. d4 Nf6 2. Nf3 e6 3. c4 b6 4. g3 Bb7 5. Bg2 Be7 6. O-O O-O 7. Nc3 Ne4 8. Qc2
Nxc3 9. Qxc3 f5 10. b3 Bf6 11. Bb2 d6 12. Rad1 a5 13. Ne1 Bxg2 14. Nxg2 Nc6 15.
Qf3 Qd7 16. e4 fxe4 17. Qxe4 d5 18. Qg4 Rad8 19. Nf4 Rfe8 20. Rfe1 dxc4 21.
Nxe6 h5 22. Qe2 Qxe6 23. Qxe6+ Rxe6 24. Rxe6 Nxd4 25. Bxd4 Bxd4 26. Kg2 cxb3
27. axb3 Kf7 28. Rc6 Rd7 29. f4 Ke7 30. Kf3 Kd8 31. Ke4 Re7+ 32. Kf5 Rd7 33.
Rd3 Kc8 34. Kg6 Kb7 35. Rc4 c5 36. Kxh5 Kc6 37. Ra4 Kd5 38. Rd1 Re7 39. Kg6 Re2
40. g4 Rxh2 41. g5 Rg2 42. Re1 Rg3 1/2-1/2

[Event "Bozen op"]
[Site "Bozen"]
[Date "1998.06.19"]
[Round "8"]
[White "Trabert, Bettina"]
[Black "Borgo, Giulio"]
[Result "1/2-1/2"]
[WhiteElo "2200"]
[BlackElo "2430"]
[PlyCount "106"]
[EventDate "1998.06.13"]
[Source "ChessBase"]
[SourceDate "1999.11.18"]

1. e4 c5 2. c3 d5 3. exd5 Qxd5 4. d4 Nf6 5. Nf3 g6 6. Be2 cxd4 7. cxd4 Bg7 8.
Nc3 Qa5 9. O-O O-O 10. a3 Nd5 11. Bd2 Nc6 12. Qb3 Nxc3 13. Bxc3 Qd8 14. Rfd1 e6
15. Rac1 Ne7 16. Bb4 b6 17. Qc2 Re8 18. Ne5 Nd5 19. Qc6 Bxe5 20. Qxa8 Bf4 21.
Rc2 a5 22. Bd2 Bc7 23. g3 Qe7 24. Qc6 Bd7 25. Qc4 h5 26. h4 Bd6 27. Bg5 f6 28.
Bd2 Kg7 29. Bf3 Qf7 30. Qd3 g5 31. hxg5 h4 32. gxh4 fxg5 33. Bxg5 Nf4 34. Qe3
Qg6 35. Be4 Nh3+ 36. Kf1 Qh5 37. Qf3 Bb5+ 38. Kg2 Qxf3+ 39. Bxf3 Nxg5 40. hxg5
Ba4 41. Rdc1 Bxc2 42. Rxc2 Bf4 43. Rc6 b5 44. Rb6 Rb8 45. Rxe6 Bxg5 46. Re2 b4
47. a4 b3 48. Bc6 Rb4 49. d5 Rc4 50. Bb5 Rd4 51. Bc6 Rc4 52. Bb5 Rd4 53. Bc6
Rc4 1/2-1/2

[Event "Bozen op"]
[Site "Bozen"]
[Date "1998.06.19"]
[Round "8"]
[White "Zaja, Ivan"]
[Black "Dallaglio, Giovanni"]
[Result "1-0"]
[WhiteElo "2450"]
[BlackElo "2055"]
[PlyCount "77"]
[EventDate "1998.06.13"]
[Source "ChessBase"]
[SourceDate "1999.11.18"]

1. d4 d5 2. c4 dxc4 3. Nf3 Nf6 4. e3 c5 5. Bxc4 e6 6. O-O cxd4 7. exd4 Be7 8.
Nc3 O-O 9. Bg5 Nc6 10. a3 a6 11. Qd3 b5 12. Ba2 Bb7 13. Rac1 Nd5 14. Bb1 g6 15.
Bh6 Re8 16. Ne4 Nf6 17. Nc5 Qb6 18. Ng5 Rad8 19. Nxb7 Qxb7 20. Qf3 Na5 21. Ne4
Nxe4 22. Bxe4 Qb6 23. d5 f5 24. Qc3 e5 25. Be3 Qd6 26. Qxa5 fxe4 27. Rfd1 Rc8
28. Qd2 Rc4 29. b4 Rxc1 30. Qxc1 Qf6 31. Qc2 a5 32. bxa5 Bxa3 33. d6 Bxd6 34.
Qc6 Rd8 35. Qxb5 Bb8 36. Qb3+ Kg7 37. Qb7+ Kg8 38. Rxd8+ Qxd8 39. h3 1-0

[Event "Bozen op"]
[Site "Bozen"]
[Date "1998.06.20"]
[Round "9"]
[White "Astengo, Marcello"]
[Black "Ruzzier, Dario"]
[Result "1-0"]
[WhiteElo "2075"]
[BlackElo "2095"]
[PlyCount "97"]
[EventDate "1998.06.13"]
[Source "ChessBase"]
[SourceDate "1999.11.18"]

1. d4 d5 2. Nf3 Nf6 3. Bf4 c5 4. c3 Nc6 5. e3 Qb6 6. Qc2 Bf5 7. dxc5 Bxc2 8.
cxb6 axb6 9. Na3 Be4 10. Nb5 Ra5 11. b4 Ra4 12. Be2 Kd7 13. O-O e6 14. Ne5+
Nxe5 15. Bxe5 Be7 16. Nd4 Ra6 17. Nb5 Raa8 18. Bd4 Ra6 19. a4 Rha8 20. Na3 Rc8
21. Bxa6 bxa6 22. Rfc1 Bd8 23. c4 g6 24. c5 bxc5 25. Bxc5 Bd3 26. Rc3 Bf5 27.
f3 g5 28. Rac1 g4 29. Bd4 Rb8 30. b5 axb5 31. Nxb5 Ne8 32. Na7 Nd6 33. Nc6 Ra8
34. fxg4 Bg6 35. Nxd8 Kxd8 36. Bb6+ Ke8 37. a5 Nc4 38. Kf2 Be4 39. g3 Rb8 40.
h4 Nxb6 41. Rb3 Rc8 42. axb6 Rxc1 43. b7 Rc2+ 44. Ke1 Rc1+ 45. Kd2 Rc2+ 46. Kd1
Rg2 47. b8=Q+ Ke7 48. Rb7+ Kf6 49. Qf4+ 1-0

[Event "Bozen op"]
[Site "Bozen"]
[Date "1998.06.20"]
[Round "9"]
[White "Borgo, Giulio"]
[Black "Lugovoi, Aleksei"]
[Result "0-1"]
[WhiteElo "2430"]
[BlackElo "2540"]
[PlyCount "105"]
[EventDate "1998.06.13"]
[Source "ChessBase"]
[SourceDate "1999.11.18"]

1. e4 c5 2. Nf3 Nc6 3. Bb5 g6 4. Bxc6 dxc6 5. d3 Bg7 6. O-O Nf6 7. e5 Nd5 8. h3
O-O 9. Re1 Nc7 10. a4 a5 11. Be3 Ne6 12. Qd2 f5 13. exf6 exf6 14. Bh6 Ng5 15.
Bxg5 fxg5 16. Nc3 g4 17. hxg4 Bxg4 18. Ne5 Bf5 19. Qe3 Qd4 20. Qxd4 cxd4 21.
Nb1 Rae8 22. Nf3 Rxe1+ 23. Nxe1 Re8 24. Na3 Bf8 25. Nc4 Bg4 26. Nd2 Bb4 27. Ne4
Kg7 28. f3 Be6 29. g3 Rf8 30. Kf2 h6 31. f4 g5 32. Nf3 gxf4 33. Nxd4 fxg3+ 34.
Ke3 Bh3 35. Nxg3 Bd6 36. Rg1 Bf4+ 37. Ke4 Bg5 38. Ngf5+ Kg6 39. Nh4+ Kh7 40.
Nhf3 Bf6 41. Ne5 Bg5 42. Nef3 Kg6 43. Rg3 Bc8 44. Ne5+ Kh5 45. Rf3 Rxf3 46.
Ndxf3 Bf6 47. Kf4 Be6 48. c4 Bxe5+ 49. Nxe5 c5 50. b3 b6 51. Ke4 Kg5 52. d4
cxd4 53. Kxd4 $138 0-1

[Event "Bozen op"]
[Site "Bozen"]
[Date "1998.06.20"]
[Round "9"]
[White "Dallaglio, Giovanni"]
[Black "Crea, Vincenzo"]
[Result "1-0"]
[WhiteElo "2055"]
[BlackElo "2120"]
[PlyCount "81"]
[EventDate "1998.06.13"]
[Source "ChessBase"]
[SourceDate "1999.11.18"]

1. d4 d5 2. Nf3 c6 3. c4 Nf6 4. e3 a6 5. b3 Bg4 6. Nbd2 e6 7. Be2 Nbd7 8. Bb2
Bd6 9. O-O Qc7 10. a4 O-O 11. c5 Be7 12. b4 Bxf3 13. Nxf3 Ne4 14. Nd2 f5 15.
Nxe4 fxe4 16. f3 Bg5 17. f4 Bf6 18. Bg4 Rae8 19. Qe2 g6 20. b5 Nb8 21. Ba3 Qc8
22. g3 Re7 23. h4 Qe8 24. Rfb1 Qf7 25. Qg2 axb5 26. axb5 h6 27. Bc1 cxb5 28.
Ra5 Nc6 29. Raxb5 Ra8 30. Bb2 Ra2 31. Qh3 Qe8 32. Rb6 h5 33. Bd1 Na5 34. Bc3
Nc4 35. Bb3 Nxb6 36. Bxa2 Qa4 37. Bb3 Qa3 38. cxb6 Re8 39. Qf1 Rc8 40. Qe1 Bd8
41. Bb4 1-0

[Event "Bozen op"]
[Site "Bozen"]
[Date "1998.06.20"]
[Round "9"]
[White "Godena, Michele"]
[Black "Efimov, Igor"]
[Result "1/2-1/2"]
[WhiteElo "2500"]
[BlackElo "2525"]
[PlyCount "25"]
[EventDate "1998.06.13"]
[Source "ChessBase"]
[SourceDate "1999.11.18"]

1. e4 d6 2. d4 Nf6 3. Nc3 g6 4. g3 Bg7 5. Bg2 O-O 6. Nge2 e5 7. O-O Bd7 8. h3
Qc8 9. Kh2 Re8 10. Be3 Nc6 11. f4 exd4 12. Nxd4 Nxd4 13. Bxd4 1/2-1/2